Normal view
MARC view
- Government investigators
Entry Topical Term
001 - CONTROL NUMBER
- control field: 10910
003 - CONTROL NUMBER IDENTIFIER
- control field: NUST
005 - DATE AND TIME OF LATEST TRANSACTION
- control field: 20180604082133.0
008 - FIXED-LENGTH DATA ELEMENTS
- fixed length control field: 180604|| aca||aabn | a|a d
040 ## - CATALOGING SOURCE
- Original cataloging agency: NUST
- Transcribing agency: NUST
150 ## - HEADING--TOPICAL TERM
- Topical term or geographic name entry element: Government investigators
- Form subdivision: Fiction.
670 ## - SOURCE DATA FOUND
- Source citation: Work cat.: (NUST)234219: Patterson, James, 1947- 10907, Honeymoon :, 2005.
